| 000 | 00687nam a22002057a 4500 | ||
|---|---|---|---|
| 005 | 20241017082155.0 | ||
| 008 | 241004b |||||||| |||| 00| 0 eng d | ||
| 020 | _a9798214039503 | ||
| 082 | _aDC 658.3 G875 2024 | ||
| 100 |
_aGriffin, Ricky W. _91518 |
||
| 245 |
_aOrganizational behavior : _bmanaging people and organizations / _cRicky W. Griffin and Jean M. Phillips. |
||
| 250 | _aFourteen edition. | ||
| 260 |
_aUSA : _bCengage, _c©2024. |
||
| 300 |
_axxiv, 568 pages : _bcolor illustrations ; _c27 cm. |
||
| 500 | _aIncludes index. | ||
| 650 | 0 |
_aOrganizational behavior. _92854 |
|
| 650 | 0 |
_aManagement. _9652 |
|
| 700 |
_aPhillips, Jean M. _940360 _eauthor. |
||
| 942 |
_2ddc _cDC |
||
| 999 |
_c22213 _d22213 |
||